Responses for show #4663 - Wednesday, December 8, 2004

Contestants

[<< previous game]

Megan Susman, an environmental policy specialist from Arlington, Virginia

Alex Bready, a law student from Towson, Maryland

Jackie Cipa, a library assistant from Pittsburgh, Pennsylvania (whose 1-day cash winnings total $8,700)

[next game >>]

Jeopardy! Round responses

19th CENTURY AMERICA
TV ON TV
(Alex: You have to name the real TV show in which the TV shows we will mention in the clue are featured.)
CARS
'70s NONFICTION
WHOSE LIME IS IT ANYWAY?
"TA" TA FOR NOW
    $200 5
Custer

Megan
    $200 1
The Simpsons

Alex
    $200 13
Volkswagen Beetle

Alex
    $200 6
(Alex: There's one on my shoulder.)

angels

Triple Stumper
    $200 23
Columbus

Megan
    $200 8
the Taj Mahal

Alex
    $400 16
a horse

Megan
    $400 2
Home Improvement

Jackie
    $400 14
Acura

Alex
    $400 7
(Alex: What is How to Win Friends and Influence People?)

Everything You Always Wanted to Know about Sex but Were Afraid to Ask

Alex
Triple Stumper
    $400 25
limelight

Megan
    $400 9
the Talmud

Jackie
    $600 18
(John) Sutter

Alex
    $600 3
The Mary Tyler Moore Show

Triple Stumper
    $600 17
Infiniti

Alex
    $600 24
Lawrence Welk

Alex
    $600 30
(Jackie: What is a giimmel?)

gimlet

JackieMegan
    $600 10
Talk Soup

Alex
    $1,000 19
Dred Scott

Alex
    $800 4
The Dick Van Dyke Show

Alex
    $800 21
a Viper

Alex
    $800 26
running

Triple Stumper
    $800 29
glass

Jackie
    $800 11
tartar

Alex
    $1000 20
(Dexter) Bloomer

Alex
    $1000 15
Murphy Brown

Alex
    $1000 22
Audi

Triple Stumper
    $1000 27
Nixon

Jackie
    $1000 28
Lloyds

Jackie
    $1000 12
Tajikistan

Megan

Scores at the first commercial break (after clue 14):

Jackie Alex Megan
$800 $2,800 $1,200

Scores at the end of the Jeopardy! Round:

Jackie Alex Megan
$3,000 $8,400 $2,800

Double Jeopardy! Round responses

I HEAR A SYMPHONY
MY GIRL
BRICK HOUSE
RIVER DEEP, MOUNTAIN HIGH
PLEASE MR. POSTMAN
A, B, C
(Alex: A nice theme building there.)
    $400 8
Berry Gordy

Megan
    $400 1
Henry Wadsworth Longfellow

Megan
    $400 11
(Mount) Olympus

Jackie
    $400 10
(Jackie: What is joy?)

Peace on Earth

JackieAlex
    $400 5
(Jackie: What is catcher?)

center

JackieAlex
    $800 22
Susan Sarandon

Alex
    $800 2
adobe

Megan
    $800 12
Mount Whitney

Megan
    $800 13
(Alex Bready: What is your address?)

your ZIP code

AlexMegan
    $800 6
an article

Jackie
    $1200 28
Pastoral

Megan
    $1200 23
Elvis Costello

Megan
    $4,000 3
the Old North Church

Megan
    $1200 19
(Megan: What is Mont Blanc?)
(Alex: What is Mont Blanc and Mount Fuji?)

Mont Blanc and Mauna Kea

AlexMegan
Triple Stumper
    $1200 14
franking

Megan
    $1200 7
a dot

Alex
    $1600 27
Joseph Haydn

Triple Stumper
    $1600 24
(Kevin) Bacon

Megan
    $1600 4
Williamsburg

Alex
    $1600 20
The Snake (River)

Megan
    $5,000 15
Media Mail

Megan
    $1600 17
Bid

Triple Stumper
    $2000 26
(Alex: And that was the very beautiful city of [*].)

Prague

Triple Stumper
    $2000 25
Reese Witherspoon

Jackie
    $2000 9
(Jackie: What is art deco?)

art glass

Jackie
Triple Stumper
    $2000 21
(Alex: Tibet is the country, but Himalayan region.)

Himalayas

Alex
    $2000 16
(Jackie: What is First Day of Circulation?)

First Day Cover

Jackie
Triple Stumper
    $2000 18
Artists

Megan

Scores at the end of the Double Jeopardy! Round:

Jackie Alex Megan
$1,400 $12,800 $22,600

[wagering suggestions for these scores]

Final Jeopardy! Round responses

THE CABINET
(Alex: We're talking about the current Secretary of Defense who was also Secretary of Defense under Gerald Ford. He was 43 then.)
JackieWho is McNamara?
$1,400
AlexWho is Cohen?
$0
MeganWho is Dulles?
$3,001
Donald Rumsfeld

Final scores:

Jackie Alex Megan
$0 $12,800 $19,599
3rd place: $1,000 2nd place: $2,000 New champion: $19,599

Game dynamics:

Coryat scores:

Jackie Alex Megan
$1,400 $12,600 $16,400
8 R,
5 W
20 R
(including 1 DD),
3 W
19 R
(including 2 DDs),
1 W

Combined Coryat: $30,400

The J! Archive is created by fans, for fans. The Jeopardy! game show and all elements thereof, including but not limited to copyright and trademark thereto, are the property of Jeopardy Productions, Inc. and are protected under law. This website is not affiliated with, sponsored by, or operated by Jeopardy Productions, Inc. Join the discussion at JBoard.tv.